Vista normal
Vista MARC
Entrada Personal Name
Número de registros utilizados en: 3
001 - CONTROL NUMBER
- control field: 721
003 - CONTROL NUMBER IDENTIFIER
- control field: OSt
005 - DATE AND TIME OF LATEST TRANSACTION
- control field: 20110810133055.0
008 - FIXED-LENGTH DATA ELEMENTS
- fixed length control field: 110810|||a|||||| | ||| d
040 ## - CATALOGING SOURCE
- Original cataloging agency: OSt
- Transcribing agency: OSt
100 ## - HEADING--PERSONAL NAME
- Personal name: Mautner, Branco.
670 ## - SOURCE DATA FOUND
- Source citation: Work cat.: (OSt)816: Mautner, Branco., Cardiología : 1., 2010.